[Event "Asian Cities-chT"]
[Site "Khanty-Mansiysk"]
[Date "2024.04.28"]
[Round "8.4"]
[White "Kodithuwakku, KK Dinujaya"]
[Black "Sibriaev, Aleksandr"]
[Result "0-1"]
[WhiteElo "1707"]
[BlackElo "2238"]
[PlyCount "146"]
[EventDate "2024.04.21"]
[EventType "team-swiss"]
[EventRounds "9"]
[EventCountry "RUS"]
[SourceTitle "CB18_2024"]
[SourceDate "2024.05.01"]
[SourceVersion "1"]
[SourceVersionDate "2024.05.01"]
[SourceQuality "2"]
[WhiteTeam "Colombo"]
[BlackTeam "Tula"]
[WhiteTeamCountry "SRI"]
[BlackTeamCountry "RUS"]

1. e4 c5 2. Nf3 Nc6 3. d4 cxd4 4. Nxd4 e5 5. Nb5 d6 6. c4 Be7 7. N1c3 a6 8. Na3 Be6 9. Nc2 Bg5 10. Be2 Bxc1 11. Rxc1 Nf6 12. 0-0 0-0 13. Qd2 Qa5 14. a3 Rac8 15. b4 Qb6 16. Nd5 Bxd5 17. exd5 Ne7 18. Qe3 Qd8 19. f4 exf4 20. Qxf4 Ng6 21. Qf5 Re8 22. Rce1 Re5 23. Qh3 Nxd5 24. cxd5 Rxc2 25. Bd3 Rxe1 26. Rxe1 Rc7 27. Kh1 Re7 28. Rc1 Rc7 29. Re1 Nf8 30. Qe3 Qf6 31. Rf1 Qe7 32. Qg3 g6 33. Bb1 Nd7 34. h3 Kg7 35. Re1 Ne5 36. Qe3 Qh4 37. Rf1 Qc4 38. Rd1 Qc3 39. Qb6 Rd7 40. Qa5 Nc4 41. Qa4 Re7 42. b5 Nb2 43. Qh4 Qf6 44. Qxf6+ Kxf6 45. Rf1+ Kg7 46. bxa6 bxa6 47. Kh2 Na4 48. Rf4 Nc5 49. Rb4 Rb7 50. Bc2 a5 51. Rxb7 Nxb7 52. Kg3 f5 53. Kf4 Kf6 54. g4 fxg4 55. hxg4 h6 56. Ke4 Kg5 57. Bd1 Nc5+ 58. Kd4 Kf4 59. Kc4 Ke5 60. Bf3 Kf4 61. Bd1 Ke3 62. Bc2 h5 63. gxh5 gxh5 64. Bf5 Kf4 65. Bc8 a4 66. Kb5 Ke5 67. Kc6 h4 68. Bh3 Nd3 69. Bg2 Nf2 70. Kb5 h3 71. Bxh3 Nxh3 72. Kxa4 Nf4 73. Kb5 Nxd5 0-1

[Event "Asian Cities-chT"]
[Site "Khanty-Mansiysk"]
[Date "2024.04.24"]
[Round "4.4"]
[White "Sibriaev, Aleksandr"]
[Black "Kabanov, Nikolai"]
[Result "0-1"]
[WhiteElo "2238"]
[BlackElo "2434"]
[PlyCount "44"]
[EventDate "2024.04.21"]
[EventType "team-swiss"]
[EventRounds "9"]
[EventCountry "RUS"]
[SourceTitle "CB18_2024"]
[SourceDate "2024.05.01"]
[SourceVersion "1"]
[SourceVersionDate "2024.05.01"]
[SourceQuality "2"]
[WhiteTeam "Tula"]
[BlackTeam "Surgut"]
[WhiteTeamCountry "RUS"]
[BlackTeamCountry "RUS"]

1. e4 d5 2. exd5 Nf6 3. Nc3 Nxd5 4. Nxd5 Qxd5 5. d4 Nc6 6. Nf3 Bg4 7. Be2 0-0-0 8. 0-0 Bxf3 9. Bxf3 Qxd4 10. Qe2 Ne5 11. Bxb7+ Kxb7 12. Qb5+ Ka8 13. Be3 Qd5 14. Qa4 c5 15. f4 Qd7 16. Qe4+ Nc6 17. Rad1 Qb7 18. Qxc6 Qxc6 19. Rxd8+ Kb7 20. Rfd1 g6 21. R1d5 Bg7 22. R8d7+ Kc8 0-1

[Event "Asian Cities-chT"]
[Site "Khanty-Mansiysk"]
[Date "2024.04.23"]
[Round "3.4"]
[White "Sibriaev, Aleksandr"]
[Black "Zahedifar, Anahita"]
[Result "1/2-1/2"]
[WhiteElo "2238"]
[BlackElo "1991"]
[PlyCount "70"]
[EventDate "2024.04.21"]
[EventType "team-swiss"]
[EventRounds "9"]
[EventCountry "RUS"]
[SourceTitle "CB18_2024"]
[SourceDate "2024.05.01"]
[SourceVersion "1"]
[SourceVersionDate "2024.05.01"]
[SourceQuality "2"]
[WhiteTeam "Tula"]
[BlackTeam "Tehran (W)"]
[WhiteTeamCountry "RUS"]
[BlackTeamCountry "IRI"]

1. c4 c6 2. e4 d5 3. exd5 cxd5 4. d4 Nf6 5. Nc3 g6 6. Nf3 Bg7 7. Be2 0-0 8. 0-0 dxc4 9. Ne5 Be6 10. Be3 Nd5 11. Nxc4 Nc6 12. Qd2 Rc8 13. Na3 Nxc3 14. bxc3 Na5 15. Rfd1 Nc4 16. Nxc4 Bxc4 17. Bf3 Bd5 18. Be2 Qa5 19. Rdc1 Rfd8 20. Qb2 e5 21. a3 exd4 22. Bxd4 Bxd4 23. cxd4 Rc6 24. Bf1 Rdc8 25. Rxc6 Bxc6 26. Rc1 Rd8 27. Rc5 Qa4 28. d5 Rxd5 29. Rxd5 Bxd5 30. Qe5 Bc6 31. Qb8+ Kg7 32. Qe5+ Kg8 33. Qb8+ Kg7 34. Qe5+ Kh6 35. Qe3+ Kg7 1/2-1/2

[Event "Asian Cities-chT"]
[Site "Khanty-Mansiysk"]
[Date "2024.04.22"]
[Round "2.4"]
[White "Kim, Kristina"]
[Black "Sibriaev, Aleksandr"]
[Result "1/2-1/2"]
[WhiteElo "1941"]
[BlackElo "2238"]
[PlyCount "73"]
[EventDate "2024.04.21"]
[EventType "team-swiss"]
[EventRounds "9"]
[EventCountry "RUS"]
[SourceTitle "CB18_2024"]
[SourceDate "2024.05.01"]
[SourceVersion "1"]
[SourceVersionDate "2024.05.01"]
[SourceQuality "2"]
[WhiteTeam "Pavlodar"]
[BlackTeam "Tula"]
[WhiteTeamCountry "KAZ"]
[BlackTeamCountry "RUS"]

1. d4 Nf6 2. Bf4 d5 3. e3 c5 4. c3 Nc6 5. Nd2 Qb6 6. Qb3 c4 7. Qc2 g6 8. e4 e6 9. Ngf3 Bg7 10. e5 Ng8 11. h4 h6 12. Be2 Bd7 13. Nf1 Nge7 14. g4 Qc7 15. Ne3 b5 16. a3 Na5 17. Nd2 Nc8 18. Bh2 Nb6 19. f4 0-0-0 20. f5 gxf5 21. gxf5 h5 22. Bf4 Rdg8 23. Rg1 Qd8 24. fxe6 fxe6 25. Bg5 Qe8 26. 0-0-0 Nc6 27. Ng2 Ne7 28. Bxe7 Qxe7 29. Nf4 Be8 30. Ng6 Bxg6 31. Qxg6 Nd7 32. Qg5 Qe8 33. Qg6 Qe7 34. Qg5 Qe8 35. Qg6 Qe7 36. Qg5 Qe8 37. Qg6 1/2-1/2

[Event "Ugra-Mongolia m"]
[Site "Khanty-Mansiysk"]
[Date "2023.12.12"]
[Round "4.2"]
[White "Chinguun, Sumiya"]
[Black "Sibriaev, Aleksandr"]
[Result "1-0"]
[WhiteElo "2319"]
[BlackElo "2238"]
[PlyCount "111"]
[EventDate "2023.12.11"]
[EventType "schev (rapid)"]
[EventRounds "6"]
[EventCountry "RUS"]
[SourceTitle "CB51_2023"]
[SourceDate "2023.12.20"]
[SourceVersion "1"]
[SourceVersionDate "2023.12.20"]
[SourceQuality "1"]
[WhiteTeam "Mongolia"]
[BlackTeam "Ugra"]
[WhiteTeamCountry "MGL"]
[BlackTeamCountry "RUS"]

1. e4 c5 2. Nc3 d6 3. f4 Nc6 4. Nf3 g6 5. Bc4 Bg7 6. 0-0 a6 7. a4 e6 8. d3 Nge7 9. Qe1 0-0 10. Ba2 Rb8 11. Qh4 Nd4 12. Nxd4 cxd4 13. Ne2 Nc6 14. Qf2 Bd7 15. Ng3 Qh4 16. f5 Ne5 17. h3 Rbc8 18. f6 Bh6 19. Bxh6 Qxh6 20. Bb3 Qh4 21. Ne2 Qxf2+ 22. Rxf2 Nc6 23. c3 dxc3 24. bxc3 Ne5 25. Rd1 b5 26. axb5 Bxb5 27. c4 Bd7 28. Nd4 Rb8 29. Ra2 Rb6 30. Bc2 Rfb8 31. Kf2 Bc8 32. g4 h6 33. Ke3 Rb2 34. Rxb2 Rxb2 35. Kd2 g5 36. Kc3 Rb6 37. Nb3 Nd7 38. d4 Rc6 39. c5 dxc5 40. dxc5 Nxf6 41. Rd8+ Kg7 42. Kd4 Rc7 43. e5 Nd7 44. Be4 f6 45. exf6+ Nxf6 46. Bg2 a5 47. Nxa5 e5+ 48. Kc4 Ba6+ 49. Kb4 e4 50. Rd6 Bd3 51. c6 Kf7 52. Kc5 Ke7 53. Rd4 Ke6 54. Kb6 Ke5 55. Rxd3 Rxc6+ 56. Nxc6+ 1-0

[Event "Ugra-Mongolia m"]
[Site "Khanty-Mansiysk"]
[Date "2023.12.12"]
[Round "5.2"]
[White "Sibriaev, Aleksandr"]
[Black "Batbold, Nyamsuren"]
[Result "1/2-1/2"]
[WhiteElo "2238"]
[BlackElo "2143"]
[PlyCount "99"]
[EventDate "2023.12.11"]
[EventType "schev (rapid)"]
[EventRounds "6"]
[EventCountry "RUS"]
[SourceTitle "CB51_2023"]
[SourceDate "2023.12.20"]
[SourceVersion "1"]
[SourceVersionDate "2023.12.20"]
[SourceQuality "1"]
[WhiteTeam "Ugra"]
[BlackTeam "Mongolia"]
[WhiteTeamCountry "RUS"]
[BlackTeamCountry "MGL"]

1. c4 f5 2. b3 Nf6 3. Bb2 e6 4. g3 d5 5. Bg2 c6 6. Nf3 Bd6 7. 0-0 0-0 8. d3 Nbd7 9. Nc3 b6 10. Rc1 Bb7 11. e3 Qe7 12. Re1 Bb4 13. Re2 Rfd8 14. cxd5 exd5 15. Nd4 g6 16. Rec2 Rac8 17. Nce2 Nb8 18. Nf4 Qf7 19. Nde6 Re8 20. Ng5 Qe7 21. h4 Bd6 22. a3 Nbd7 23. b4 Be5 24. Qd2 Bxb2 25. Rxb2 Ne5 26. Rbc2 h6 27. Nge6 Qf7 28. Nd4 Kh7 29. Qc3 Nfg4 30. Nf3 Nxf3+ 31. Bxf3 Ne5 32. Bg2 g5 33. hxg5 hxg5 34. Ne2 Ng4 35. Nd4 Qf6 36. Nf3 Kg6 37. Qxf6+ Kxf6 38. d4 Re6 39. a4 a6 40. a5 b5 41. Nd2 Re7 42. Bxd5 cxd5 43. Rxc8 Bxc8 44. Rxc8 f4 45. Rc6+ Kf5 46. exf4 gxf4 47. f3 Re1+ 48. Kg2 Re2+ 49. Kg1 Re1+ 50. Kg2 1/2-1/2

[Event "RUS-ch blitz"]
[Site "Sochi"]
[Date "2019.10.17"]
[Round "4"]
[White "Sibriaev, Aleksandr"]
[Black "Yuffa, Daniil"]
[Result "0-1"]
[WhiteElo "2238"]
[BlackElo "2577"]
[PlyCount "112"]
[EventDate "2019.10.17"]
[EventType "swiss (blitz)"]
[EventRounds "15"]
[EventCountry "RUS"]
[SourceTitle "CBM 192 Extra"]
[Source "Chessbase"]
[SourceDate "2019.11.06"]
[SourceVersion "1"]
[SourceVersionDate "2019.11.06"]
[SourceQuality "1"]

1. Nc3 d5 2. e4 Nf6 3. e5 Ne4 4. Nf3 c5 5. d3 Nxc3 6. bxc3 Nc6 7. Bf4 Bg4 8. Be2 e6 9. 0-0 Be7 10. h3 Bh5 11. Rb1 Rb8 12. Qd2 0-0 13. Rfe1 b5 14. g4 Bg6 15. Bf1 c4 16. Bg5 Bxg5 17. Nxg5 cxd3 18. cxd3 d4 19. Nf3 dxc3 20. Qxc3 Rb6 21. Rb2 b4 22. Qc5 Qe7 23. Rc1 Rfb8 24. Qxe7 Nxe7 25. d4 Be4 26. Nd2 Bd5 27. Nb3 Nc6 28. Rbc2 Bxb3 29. axb3 Ne7 30. Bg2 g5 31. Rc7 Ng6 32. Rxa7 Nf4 33. Rcc7 Rf8 34. Rcb7 Rxb7 35. Rxb7 Rc8 36. Rxb4 Rc1+ 37. Kh2 Rc2 38. Kg1 Nd3 39. Rc4 Rb2 40. Rc3 Nf4 41. Re3 Ne2+ 42. Kh2 Nxd4 43. Re4 Ne2 44. b4 Nf4 45. Kg3 Rb3+ 46. f3 Rb2 47. Bf1 Kg7 48. h4 h6 49. b5 Rb1 50. Kf2 Rb3 51. hxg5 hxg5 52. Rd4 Rb2+ 53. Ke3 Nd5+ 54. Kd3 Rxb5 55. Ra4 Rb3+ 56. Ke2 Nc3+ 0-1

[Event "RUS-ch rapid"]
[Site "Sochi"]
[Date "2019.10.15"]
[Round "1"]
[White "Sibriaev, Aleksandr"]
[Black "Antipov, Mikhail Al"]
[Result "0-1"]
[WhiteElo "2117"]
[BlackElo "2567"]
[PlyCount "80"]
[EventDate "2019.10.15"]
[EventType "swiss"]
[EventRounds "11"]
[EventCountry "RUS"]
[SourceTitle "CBM 192 Extra"]
[Source "Chessbase"]
[SourceDate "2019.11.06"]
[SourceVersion "1"]
[SourceVersionDate "2019.11.06"]
[SourceQuality "1"]

1. d4 Nf6 2. Bg5 e6 3. Nf3 c5 4. c3 h6 5. Bh4 cxd4 6. cxd4 Qa5+ 7. Nbd2 d5 8. Bxf6 gxf6 9. e3 Bd7 10. Be2 Ba4 11. b3 Bb5 12. 0-0 Bxe2 13. Qxe2 Qa6 14. Qxa6 Nxa6 15. a3 Kd7 16. Rfc1 Nc7 17. Ne1 a5 18. Nd3 a4 19. Nc5+ Bxc5 20. Rxc5 axb3 21. Nxb3 b6 22. Rc2 Ra4 23. Nd2 Rha8 24. Rac1 R8a7 25. Rb2 b5 26. Nb1 Rc4 27. Rd1 Kc6 28. Kf1 Ne8 29. Ke2 Nd6 30. Kd3 e5 31. dxe5 fxe5 32. Ke2 f6 33. Rbd2 Rc5 34. f3 Nc4 35. Rc2 Nxa3 36. Rxc5+ Kxc5 37. Nc3 b4 38. Nxd5 Nb5 39. Nxf6 Nc3+ 40. Kd2 Ra2+ 0-1

[Event "Vlissingen HZ op 17th"]
[Site "Vlissingen"]
[Date "2013.08.04"]
[Round "3"]
[White "Sibriaev, Aleksandr"]
[Black "Zaragatski, Ilja"]
[Result "0-1"]
[WhiteElo "2239"]
[BlackElo "2505"]
[PlyCount "82"]
[EventDate "2013.08.03"]
[EventType "swiss"]
[EventRounds "9"]
[EventCountry "NED"]
[SourceTitle "CBM 155 Extra"]
[Source "ChessBase"]
[SourceDate "2013.08.26"]
[SourceVersion "1"]
[SourceVersionDate "2013.08.26"]
[SourceQuality "1"]

1. d4 Nf6 2. Nf3 c5 3. g3 cxd4 4. Nxd4 d5 5. Bg2 e5 6. Nb3 Be6 7. 0-0 Nc6 8. Bg5 Be7 9. Nc3 d4 10. Bxf6 gxf6 11. Ne4 Qb6 12. c3 f5 13. Ned2 dxc3 14. bxc3 h5 15. Qc2 h4 16. Rab1 hxg3 17. hxg3 Qc7 18. Rfd1 0-0-0 19. Nf1 Rdg8 20. e3 f4 21. Qe4 fxg3 22. fxg3 Rg4 23. Qc2 f5 24. Rd2 f4 25. exf4 Bxb3 26. Qf5+ Kb8 27. Qxg4 Bc5+ 28. Rf2 Bxa2 29. Rb5 Bxf2+ 30. Kxf2 Bc4 31. Rb2 Rg8 32. Qf3 Na5 33. Ne3 Ba6 34. Qd5 Rf8 35. f5 Rd8 36. Qe4 Qxc3 37. Rc2 Qd4 38. Ra2 Nc4 39. g4 Nd6 40. Qb1 Qf4+ 41. Bf3 e4 0-1

[Event "Wch Blitz 7th"]
[Site "Khanty-Mansiysk"]
[Date "2013.06.10"]
[Round "27"]
[White "Gordievsky, Dmitry"]
[Black "Sibriaev, Aleksandr"]
[Result "1-0"]
[WhiteElo "2474"]
[BlackElo "2239"]
[PlyCount "60"]
[EventDate "2013.06.09"]
[EventType "swiss (blitz)"]
[EventRounds "30"]
[EventCountry "RUS"]
[SourceTitle "CBM 154 Extra"]
[Source "ChessBase"]
[SourceDate "2013.06.25"]
[SourceVersion "2"]
[SourceVersionDate "2013.06.25"]
[SourceQuality "1"]

1. b3 d5 2. Bb2 Nf6 3. e3 Bf5 4. Be2 e6 5. f4 c5 6. Nf3 Nc6 7. 0-0 Be7 8. Nh4 Bg6 9. f5 exf5 10. Nxf5 Bxf5 11. Rxf5 Qd7 12. Qf1 0-0-0 13. Nc3 Kb8 14. Rd1 Qe6 15. Na4 h5 16. Bxf6 gxf6 17. c4 d4 18. Nxc5 Bxc5 19. Rxc5 Ne5 20. Qf4 d3 21. Bf3 h4 22. Rb5 Rd7 23. h3 Kc8 24. Rc5+ Kd8 25. Bg4 Nxg4 26. hxg4 Ke7 27. Rf1 h3 28. gxh3 Rxh3 29. Kg2 Rh8 30. Rf5 Rd6 1-0

[Event "Wch Blitz 7th"]
[Site "Khanty-Mansiysk"]
[Date "2013.06.10"]
[Round "17"]
[White "Nadanian, Ashot S"]
[Black "Sibriaev, Aleksandr"]
[Result "1-0"]
[WhiteElo "2428"]
[BlackElo "2239"]
[PlyCount "91"]
[EventDate "2013.06.09"]
[EventType "swiss (blitz)"]
[EventRounds "30"]
[EventCountry "RUS"]
[SourceTitle "CBM 154 Extra"]
[Source "ChessBase"]
[SourceDate "2013.06.25"]
[SourceVersion "2"]
[SourceVersionDate "2013.06.25"]
[SourceQuality "1"]

1. e4 c5 2. b3 e5 3. Bb2 d6 4. Bc4 Nf6 5. d3 Be7 6. Nc3 a6 7. a4 Nc6 8. Nge2 0-0 9. 0-0 Na5 10. Bd5 Nxd5 11. Nxd5 Nc6 12. f4 f5 13. fxe5 Nxe5 14. Ng3 fxe4 15. Rxf8+ Bxf8 16. dxe4 Be6 17. a5 Rc8 18. Qd2 Qh4 19. Qf4 Qxf4 20. Nxf4 Bf7 21. Rd1 c4 22. Nf5 cxb3 23. cxb3 Rc2 24. Bd4 Bxb3 25. Rb1 Bc4 26. Rxb7 g6 27. Ne7+ Bxe7 28. Rxe7 Ra2 29. Bxe5 dxe5 30. Rxe5 Kf7 31. h4 Kf6 32. Rc5 Bb5 33. e5+ Kf5 34. Nh3 Ra1+ 35. Kh2 Re1 36. g4+ Kxg4 37. e6 Rxe6 38. Rg5+ Kf3 39. Rg3+ Ke4 40. Ng5+ Kd5 41. Nxe6 Kxe6 42. Rg5 Kf6 43. Rxb5 axb5 44. a6 b4 45. a7 b3 46. a8Q 1-0

[Event "Wch Blitz 7th"]
[Site "Khanty-Mansiysk"]
[Date "2013.06.10"]
[Round "18"]
[White "Sibriaev, Aleksandr"]
[Black "Nadanian, Ashot S"]
[Result "0-1"]
[WhiteElo "2239"]
[BlackElo "2428"]
[PlyCount "47"]
[EventDate "2013.06.09"]
[EventType "swiss (blitz)"]
[EventRounds "30"]
[EventCountry "RUS"]
[SourceTitle "CBM 154 Extra"]
[Source "ChessBase"]
[SourceDate "2013.06.25"]
[SourceVersion "2"]
[SourceVersionDate "2013.06.25"]
[SourceQuality "1"]

1. Nf3 d5 2. c4 e6 3. d4 c5 4. Nc3 Nc6 5. e3 Nf6 6. a3 a6 7. dxc5 Bxc5 8. b4 Ba7 9. cxd5 exd5 10. Be2 0-0 11. 0-0 Bg4 12. Bb2 Re8 13. h3 Bh5 14. Na4 Ne4 15. Rc1 Qd6 16. Nc3 Rad8 17. b5 Bxf3 18. Bxf3 Bb8 19. g3 Nxg3 20. fxg3 Qxg3+ 21. Bg2 Qh2+ 22. Kf2 Bg3+ 23. Ke2 Qxg2+ 24. Kd3 0-1

[Event "Wch Blitz 7th"]
[Site "Khanty-Mansiysk"]
[Date "2013.06.10"]
[Round "29"]
[White "Sibriaev, Aleksandr"]
[Black "Salem, AR Saleh"]
[Result "0-1"]
[WhiteElo "2239"]
[BlackElo "2531"]
[PlyCount "96"]
[EventDate "2013.06.09"]
[EventType "swiss (blitz)"]
[EventRounds "30"]
[EventCountry "RUS"]
[SourceTitle "CBM 154 Extra"]
[Source "ChessBase"]
[SourceDate "2013.06.25"]
[SourceVersion "2"]
[SourceVersionDate "2013.06.25"]
[SourceQuality "1"]

1. Nc3 c5 2. e4 Nc6 3. Nge2 d6 4. g3 g6 5. Bg2 Bg7 6. d3 e6 7. 0-0 Nge7 8. Be3 Nd4 9. a4 0-0 10. Qd2 Nec6 11. f4 f5 12. Kh1 Rb8 13. Nd1 b6 14. Nxd4 cxd4 15. Bg1 Bb7 16. c3 Qd7 17. cxd4 Nxd4 18. Ra3 Rbc8 19. Nc3 h6 20. h3 Kh7 21. Be3 a6 22. Qf2 e5 23. Kh2 Kh8 24. Kh1 g5 25. Nd5 Rc2 26. Qe1 Bxd5 27. Bxd4 exd4 28. exd5 Re8 29. Qd1 Ree2 30. Bf3 Rh2+ 31. Kg1 gxf4 32. Rb3 Be5 33. Rxb6 Qc7 34. Rc6 Rxc6 35. dxc6 fxg3 36. Bd5 Qb8 37. Qc1 Kg7 38. Rxf5 Qxb2 39. Qxb2 Rxb2 40. Rf7+ Kg6 41. Rb7 Rc2 42. c7 Bf4 43. Ra7 Be3+ 44. Kf1 Kf6 45. Be4 Ke5 46. a5 d5 47. Bf3 h5 48. Bxh5 g2+ 0-1

[Event "Wch Blitz 7th"]
[Site "Khanty-Mansiysk"]
[Date "2013.06.09"]
[Round "15"]
[White "Sibriaev, Aleksandr"]
[Black "Al Sayed, Mohammed"]
[Result "0-1"]
[WhiteElo "2239"]
[BlackElo "2498"]
[PlyCount "74"]
[EventDate "2013.06.09"]
[EventType "swiss (blitz)"]
[EventRounds "30"]
[EventCountry "RUS"]
[SourceTitle "CBM 154 Extra"]
[Source "ChessBase"]
[SourceDate "2013.06.25"]
[SourceVersion "2"]
[SourceVersionDate "2013.06.25"]
[SourceQuality "1"]

1. Nc3 Nf6 2. e4 d6 3. Nge2 c5 4. g3 g6 5. Bg2 Bg7 6. 0-0 0-0 7. d3 Nc6 8. h3 Rb8 9. a4 a6 10. f4 Nd7 11. g4 b5 12. axb5 axb5 13. e5 Nd4 14. Nxd4 cxd4 15. Ne4 dxe5 16. f5 Bb7 17. Bg5 Bxe4 18. Bxe4 Nc5 19. Bg2 Qc7 20. Kh1 Na4 21. Qd2 Nxb2 22. Qb4 Qxc2 23. Ra2 Nxd3 24. Qa3 b4 25. Qa7 Qc5 26. Qa6 b3 27. Ra5 Nb4 28. Rxc5 Nxa6 29. Ra5 Nb4 30. Rb1 Nd3 31. Bxe7 Rfc8 32. Ba3 b2 33. Kh2 Rc1 34. Be4 Rxb1 35. Bxd3 Rd1 36. Be4 b1Q 37. Bxb1 Rdxb1 0-1

[Event "UrFO-ch op"]
[Site "Cheliabinsk"]
[Date "2011.03.23"]
[Round "6"]
[White "Sibriaev, Aleksandr"]
[Black "Nikolenko, Vadim"]
[Result "1/2-1/2"]
[WhiteElo "2276"]
[BlackElo "2213"]
[PlyCount "125"]
[EventDate "2011.03.19"]
[EventType "swiss"]
[EventRounds "9"]
[EventCountry "RUS"]
[SourceTitle "EXT 2012"]
[Source "ChessBase"]
[SourceDate "2011.11.24"]
[SourceVersion "1"]
[SourceVersionDate "2011.11.24"]
[SourceQuality "1"]

1. d4 Nf6 2. c4 g6 3. Nc3 d5 4. Nf3 Bg7 5. Qb3 dxc4 6. Qxc4 0-0 7. Bf4 Nc6 8. e3 Bf5 9. Be2 Ne4 10. Nxe4 Bxe4 11. 0-0 Rc8 12. Rac1 e6 13. Rfd1 Qe8 14. a3 Ne7 15. b4 h6 16. Qb3 Nd5 17. Bg3 g5 18. Nd2 Bg6 19. Bf3 Qd8 20. Nc4 c6 21. h3 a6 22. a4 Nf6 23. Be5 Ra8 24. a5 Nd5 25. Bd6 Re8 26. Bc5 Bf8 27. Ne5 Kh7 28. Nxg6 fxg6 29. Be4 Qd7 30. Qb1 Qg7 31. Bf3 Rad8 32. Qb3 Rd7 33. Rd2 Red8 34. Rcd1 Be7 35. Bg4 Qf6 36. e4 Nf4 37. d5 cxd5 38. exd5 Rxd5 39. Rxd5 Rxd5 40. Re1 Bxc5 41. bxc5 Rd7 42. g3 h5 43. gxf4 hxg4 44. fxg5 Qxg5 45. Qg3 Qxc5 46. hxg4 Qxa5 47. Rxe6 Qa1+ 48. Kg2 Qd4 49. Qh4+ Kg7 50. Re7+ Kf8 51. Rxd7 Qxd7 52. Qh8+ Ke7 53. Qg7+ Kd8 54. Qxg6 Qc6+ 55. Qxc6 bxc6 56. Kf3 a5 57. Ke3 c5 58. Kd3 a4 59. Kc3 Ke7 60. f4 Ke6 61. Kc4 Kd6 62. g5 Ke6 63. g6 1/2-1/2

[Event "UrFO-ch op"]
[Site "Cheliabinsk"]
[Date "2011.03.20"]
[Round "2"]
[White "Sibriaev, Aleksandr"]
[Black "Panov, Maksim"]
[Result "1-0"]
[WhiteElo "2276"]
[BlackElo "1963"]
[PlyCount "87"]
[EventDate "2011.03.19"]
[EventType "swiss"]
[EventRounds "9"]
[EventCountry "RUS"]
[SourceTitle "EXT 2012"]
[Source "ChessBase"]
[SourceDate "2011.11.24"]
[SourceVersion "1"]
[SourceVersionDate "2011.11.24"]
[SourceQuality "1"]

1. Nc3 d5 2. e4 d4 3. Nce2 c5 4. Ng3 e5 5. Nf3 Nc6 6. Bb5 Bd6 7. Bxc6+ bxc6 8. d3 Ne7 9. 0-0 0-0 10. Re1 Rb8 11. b3 Bc7 12. Bd2 Ng6 13. Nf5 h6 14. h3 Qf6 15. g4 Bxf5 16. exf5 Nf4 17. Bxf4 exf4 18. Re4 h5 19. Qf1 g6 20. fxg6 Qxg6 21. Qg2 Kh8 22. Nh4 Qf6 23. Nf5 Rg8 24. f3 Kh7 25. Rae1 c4 26. Re7 Ba5 27. R1e4 cxd3 28. cxd3 Rb5 29. R4e6 Qxe6 30. Rxe6 fxe6 31. Nd6 Re5 32. Ne4 Rc8 33. Qc2 c5 34. Qc4 Bb6 35. Qa4 Rd8 36. Qc6 hxg4 37. hxg4 Kg6 38. Kg2 Kf7 39. Qb7+ Kg6 40. Qe7 Rdd5 41. Qf6+ Kh7 42. g5 Bd8 43. Qf7+ Kh8 44. g6 1-0

[Event "UrFO-ch op"]
[Site "Cheliabinsk"]
[Date "2011.03.19"]
[Round "1"]
[White "Sofyin, Pavel"]
[Black "Sibriaev, Aleksandr"]
[Result "0-1"]
[WhiteElo "2017"]
[BlackElo "2276"]
[PlyCount "38"]
[EventDate "2011.03.19"]
[EventType "swiss"]
[EventRounds "9"]
[EventCountry "RUS"]
[SourceTitle "EXT 2012"]
[Source "ChessBase"]
[SourceDate "2011.11.24"]
[SourceVersion "1"]
[SourceVersionDate "2011.11.24"]
[SourceQuality "1"]

1. e4 c5 2. Nc3 d6 3. f4 g6 4. Nf3 Bg7 5. Bc4 Nf6 6. 0-0 0-0 7. Qe1 Nc6 8. e5 dxe5 9. fxe5 Ng4 10. e6 f5 11. d3 Nd4 12. Nxd4 cxd4 13. Nd5 b5 14. Bg5 Nf6 15. Nxf6+ Bxf6 16. Bxf6 Rxf6 17. Bxb5 Bxe6 18. c4 dxc3 19. Qe5 Rb8 0-1

[Event "Yugra Region-ch"]
[Site "Khanty-Mansiysk"]
[Date "2011.01.16"]
[Round "2"]
[White "Sharafutdinov, Ayrat"]
[Black "Sibriaev, Aleksandr"]
[Result "0-1"]
[WhiteElo "2122"]
[BlackElo "2263"]
[PlyCount "94"]
[EventDate "2011.01.15"]
[EventType "swiss"]
[EventRounds "7"]
[EventCountry "RUS"]
[SourceTitle "EXT 2012"]
[Source "ChessBase"]
[SourceDate "2011.11.24"]
[SourceVersion "1"]
[SourceVersionDate "2011.11.24"]
[SourceQuality "1"]

1. d4 d5 2. Nf3 Nf6 3. g3 c6 4. Bg2 Bf5 5. 0-0 e6 6. Nh4 Bg4 7. h3 Bh5 8. g4 Bg6 9. Nxg6 hxg6 10. Nd2 Bd6 11. Re1 Nbd7 12. c4 Qc7 13. e4 dxe4 14. g5 Bh2+ 15. Kh1 Ng8 16. Nxe4 Ne7 17. Qg4 Nb6 18. f4 Nxc4 19. Kxh2 0-0-0 20. b3 Nb6 21. Bb2 Nf5 22. Qf3 Nd5 23. Rf1 Rh4 24. Nc3 Nxf4 25. Nb5 Qb8 26. Kg1 cxb5 27. Rac1+ Kd7 28. d5 Nxd5 29. Qe2 a6 30. Bxd5 exd5 31. Be5 Qa7+ 32. Kh2 Re4 33. Qc2 Qe3 34. Rce1 Qxe1 35. Rxe1 Rxe1 36. Qc7+ Ke8 37. Bc3 Re7 38. Qc5 d4 39. Ba5 d3 40. Bxd8 Kxd8 41. Qd5+ Rd7 42. Qe5 Ne7 43. Qxg7 d2 44. Qh8+ Kc7 45. Qe5+ Kc8 46. Qh8+ Rd8 47. Qc3+ Nc6 0-1

[Event "Yugra Region-ch"]
[Site "Khanty-Mansiysk"]
[Date "2011.01.16"]
[Round "3"]
[White "Sibriaev, Aleksandr"]
[Black "Sedenko, Anatoly Ivanovich"]
[Result "1-0"]
[WhiteElo "2263"]
[BlackElo "2029"]
[PlyCount "123"]
[EventDate "2011.01.15"]
[EventType "swiss"]
[EventRounds "7"]
[EventCountry "RUS"]
[SourceTitle "EXT 2012"]
[Source "ChessBase"]
[SourceDate "2011.11.24"]
[SourceVersion "1"]
[SourceVersionDate "2011.11.24"]
[SourceQuality "1"]

1. Nf3 d5 2. c4 c6 3. b3 dxc4 4. bxc4 Qb6 5. g3 g6 6. Nc3 Bg7 7. Bg2 Bf5 8. 0-0 Qa6 9. Qb3 Nd7 10. Bb2 Nc5 11. Qb4 Qb6 12. Qa3 Bf6 13. d3 h5 14. Rab1 Ne6 15. Nd5 Qd8 16. Bxf6 exf6 17. Ne3 Qd7 18. Nxf5 gxf5 19. Nh4 Ne7 20. Qb2 Rb8 21. Qxf6 Qd4 22. Qxd4 Nxd4 23. e3 Ne6 24. d4 Ng7 25. c5 0-0 26. Rb3 b5 27. Ra3 a5 28. Nf3 a4 29. Ne5 Rbc8 30. Rb1 Rfd8 31. h4 Ne8 32. Nd3 Nf6 33. Nf4 Kg7 34. Bf3 Kh6 35. Rd3 Ned5 36. Nxd5 Nxd5 37. a3 Rd7 38. Kf1 Re8 39. Ke2 Re6 40. Kd2 Rf6 41. Re1 Re6 42. Bxd5 Rxd5 43. Kc3 Re7 44. Rd2 Kg6 45. f3 Rd8 46. e4 Kf6 47. Kd3 Rg8 48. Rg1 f4 49. g4 Ke6 50. Rgg2 hxg4 51. Rxg4 Rxg4 52. fxg4 f5 53. gxf5+ Kf6 54. Rf2 Rg7 55. Rxf4 Rg3+ 56. Kc2 Rxa3 57. e5+ Kf7 58. f6 b4 59. e6+ Kf8 60. e7+ Kf7 61. Re4 b3+ 62. Kb1 1-0